00657 2200241 4500001002100000005001700021008004100038035002400079082001100103082002000114084001900134100001500153245005000168260004200218300002400260440003000284650002300314700001700337850001600354999001500370999001500385999001500400YOGYA-0209000004059220170114123726.0 ind  0010-020900000040592 a028.55 aK 028. 55 Wol P aK 028.55 Wol K aWOLF, Tony aKurcacicTony Wolf ; alih bahasa, Dini Pandia aJakartabGramedia Pustaka Utamac2006 a41 hlmbilusc29 cm aSeri kisah-kisah di hutan aBacaan kanak-kanak aPandia, Dini aYOPDYOG (B) a07B0029318 a07B0029319 a07B0029320